000 00608nam a2200253 a 4500
001 nice12345678
003 IN_TiNIC
005 20260116012335.0
008 050524s1982 mysa grp 000 0 urd
020 _a
_c20
082 0 0 _a922.97
_bSAL
100 _aSaleem, Tamannai
245 _aDana-E-Raaz Dayar-E-Deccan Men
260 _aMysore
_bAnjuman-E-Ishaat-E-Urdu
_c1982
300 _a240p
500 _aincludes index and biblioraphy
505 2 _aIndex
650 _aIqbal Muhammad
650 _aHyderabad
700 1 _aSaleem, Tamannai
902 _bSRS
942 _cBK
999 _c6629
_d6629